000 01075nam a2200241 4500
001 175739
003 ES-MaACL
005 20250822003604.0
008 101118s1999 sp af |||| |dspa d
080 _a929 Felipe (460) II (064.3)
245 0 0 _aFelipe II y Alcalá de Henares
_b: exposición organizada por el Servicio Municipal de Archivos y Bibliotecas de[l] Excmo. Ayuntamiento de Alcalá de Henares : del 26 de enero al 27 de febrero de 1999 /
_c[curaduría de la exposición, José-Mª Nogales Herrera].
260 _aAlcalá de Henares :
_bAyuntamiento,
_c[1999]
300 _a29 p., [1] h. de lám. col. :
_bil. col. ;
_c21 cm.
500 _aGenealogía: p. 17.
504 _aBibliografía.
600 0 4 _aFelipe
_bII,
_cRey de España-
_vExposiciones
_949178
655 7 _2tgfbne
_9193628
_aCatálogos de exposiciones
700 1 _aNogales Herrera, José María,
_d1957-
_9143808
710 1 _aAlcalá de Henares.
_bServicio Municipal de Archivos y Bibliotecas.
_91319
852 _aES-MaACL
_j2265-F-13
942 _2udc
999 _c175739
_d175739